Fyzikální chemie polymerů /

Salvato in:
Dettagli Bibliografici
Autore principale: Procházka, Karel (Autore)
Natura: Libro
Lingua:ceco
Pubblicazione: Praha : Karolinum, 1995
Tags: Aggiungi Tag
Nessun Tag, puoi essere il primo ad aggiungerne!!

MARC

LEADER 00000nam a22000003a 4500
001 stu24739
005 20150617225742.8
008 971215s1995----xr------------------cze-d
020 |a 80-7184-078-5 
040 |a STU  |b slo 
041 0 |a cze 
044 |a xr 
080 |a 541.6(075.8) 
100 1 |a Procházka, Karel  |4 aut 
245 1 |a Fyzikální chemie polymerů /  |c [aut.]Procházka,Karel 
260 |a Praha :  |b Karolinum,  |c 1995 
300 |a 148 s :  |b Grafy,lit 
500 |a (Dočasná vysokoškolská učebnica) 
996 |b CS56411  |c C*S56411  |l CCV  |s P  |a 0  |w stu24739_0001